[Event "KEM Mitte 2017"]
[Site "?"]
[Date "2017.01.08"]
[Round "7.18"]
[White "Albayrak, Nese Pinar"]
[Black "Hahn, Thomas"]
[Result "0-1"]
[WhiteElo "1095"]
[BlackElo "1647"]
[PlyCount "108"]
[EventDate "2017.??.??"]
[WhiteTeam "Zabo-Eintracht Nürnberg"]
[BlackTeam "Zabo-Eintracht Nürnberg"]

1. e4 c5 2. Nf3 d6 3. Nc3 g6 4. d4 cxd4 5. Nxd4 Nf6 6. Bc4 Bg7 7. O-O O-O 8.
Bg5 Bd7 9. Qd2 Nc6 10. Nf3 Re8 11. Bh6 Bh8 12. Ng5 Ne5 13. Bb3 Nfg4 14. f4 Nxh6
15. fxe5 e6 16. exd6 f6 17. Nf3 Nf7 18. Rad1 a5 19. Bc4 b5 20. Nxb5 Bxb5 21.
Bxb5 Qb6+ 22. Qf2 Qxb5 23. d7 Red8 24. Qd4 f5 25. Qd2 Ra7 26. exf5 exf5 27. Qe3
Raxd7 28. Rxd7 Qxd7 29. Qb3 Qd5 30. Qb6 Bd4+ 31. Nxd4 Qxd4+ 32. Qxd4 Rxd4 33.
c3 Rd2 34. Rb1 Nd6 35. a3 Nc4 36. b4 Nxa3 37. Rb3 axb4 38. cxb4 Nb5 39. Kf1 Kg7
40. Re3 Rb2 41. Re7+ Kh6 42. h3 Rxb4 43. Re5 Rb2 44. g4 fxg4 45. hxg4 Nd6 46.
g5+ Kh5 47. Re7 Nf5 48. Rxh7+ Kxg5 49. Rh1 Ng3+ 50. Kg1 Nxh1 51. Kxh1 Kf4 52.
Kg1 Kf3 53. Kh1 Kg3 54. Kg1 Rb1# 0-1

[Event "KEM Mitte 2017"]
[Site "?"]
[Date "2017.01.08"]
[Round "7.21"]
[White "Denninger, David"]
[Black "Weißmann, Peter"]
[Result "1-0"]
[WhiteElo "1530"]
[BlackElo "1737"]
[PlyCount "43"]
[EventDate "2017.??.??"]
[WhiteTeam "TSV Cadolzburg"]
[BlackTeam "SK Zirndorf"]

1. e4 c5 2. f4 Nc6 3. Nf3 d6 4. d4 Bg4 5. c3 cxd4 6. Bb5 a6 7. Bxc6+ bxc6 8. h3
Bxf3 9. Qxf3 Qb6 10. cxd4 Qxd4 11. Nc3 e6 12. Be3 Qc4 13. Rc1 Qb4 14. O-O d5
15. exd5 cxd5 16. Nxd5 exd5 17. Qxd5 f6 18. Qxa8+ Kf7 19. Qd5+ Kg6 20. f5+ Kh5
21. Rc4 Qd6 22. Qf3# 1-0

[Event "KEM Mitte 2017"]
[Site "?"]
[Date "2017.01.08"]
[Round "7.22"]
[White "Berg, Winfried"]
[Black "Thoma, Dirk"]
[Result "0-1"]
[WhiteElo "1595"]
[BlackElo "1642"]
[PlyCount "76"]
[EventDate "2017.??.??"]
[WhiteTeam "SW Nürnberg Süd"]
[BlackTeam "SC Noris-Tarrasch Nürnberg"]

1. e4 c5 2. Nc3 a6 3. a4 Nc6 4. f4 g6 5. Bc4 Bg7 6. Nf3 d6 7. O-O Nf6 8. d3 O-O
9. Qe1 Bg4 10. Qh4 Bxf3 11. Rxf3 Nd4 12. Rh3 h5 13. f5 Kh7 14. Rg3 e6 15. Bg5
exf5 16. Re1 f4 17. Qxf4 Ne6 18. Bxe6 fxe6 19. Qh4 Qb6 20. Rf1 Nd7 21. Rgf3
Rxf3 22. gxf3 Qxb2 23. Ne2 Qxc2 24. Nf4 Bd4+ 25. Kh1 Nf8 26. Nxh5 gxh5 27.
Qxh5+ Kg8 28. Bh6 Qxd3 29. Qh3 Kf7 30. Bg5 Bg7 31. Qh5+ Ng6 32. Rg1 Rh8 33. Qg4
Ne5 34. Qf4+ Kg8 35. Bf6 Rh7 36. Bxe5 dxe5 37. Qxe5 Qxf3+ 38. Rg2 Qxg2+ 0-1

[Event "KEM Mitte 2017"]
[Site "?"]
[Date "2017.01.08"]
[Round "7.23"]
[White "Dippel, Jörg"]
[Black "Hofmann, Tim"]
[Result "0-1"]
[WhiteElo "1805"]
[BlackElo "1311"]
[PlyCount "51"]
[EventDate "2017.??.??"]
[WhiteTeam "SC Anderssen"]
[BlackTeam "SW Nürnberg Süd"]

1. e4 d6 2. d4 Nf6 3. Nc3 b6 4. Bb5+ Nbd7 5. Bc6 Rb8 6. Nb5 e5 7. Bg5 Be7 8. f3
O-O 9. Nxa7 Bb7 10. Bxb7 Rxb7 11. Nc6 Qe8 12. Qd2 exd4 13. Ne2 Ne5 14. Nxe7+
Qxe7 15. Qxd4 h6 16. Bh4 Ra7 17. Nc3 Qe6 18. b3 Ra5 19. O-O Nh5 20. a4 Nf4 21.
Bg3 g5 22. Bxf4 gxf4 23. Nd5 Rc5 24. c4 Kh7 25. Nxf4 Qf6 26. Nd5 0-1

[Event "KEM Mitte 2017"]
[Site "?"]
[Date "2017.01.08"]
[Round "7.24"]
[White "Huber, Dominik"]
[Black "Barnowski, Roman"]
[Result "0-1"]
[WhiteElo "1156"]
[BlackElo "1424"]
[PlyCount "106"]
[EventDate "2017.??.??"]
[WhiteTeam "SC Noris-Tarrasch Nürnberg"]
[BlackTeam "SW Nürnberg Süd"]

1. e4 d5 2. exd5 Nf6 3. Nc3 Nxd5 4. d4 Nxc3 5. bxc3 e6 6. Nf3 Nc6 7. Bb5 Bd7 8.
O-O a6 9. Ba4 b5 10. Bb3 Na5 11. Re1 c6 12. a4 Nxb3 13. cxb3 Be7 14. Ne5 O-O
15. Qf3 Qc7 16. Bf4 Bd6 17. Re2 f6 18. Nxd7 Qxd7 19. Rea2 e5 20. axb5 exf4 21.
bxc6 Qe7 22. Qe2 Rfe8 23. Qc4+ Kf8 24. Kf1 a5 25. b4 a4 26. Ra3 Reb8 27. Qe2
Bxb4 28. Qxe7+ Bxe7 29. Rxa4 Rxa4 30. Rxa4 Bd6 31. c4 g5 32. c5 Bxc5 33. dxc5
Rc8 34. Ra6 Kf7 35. Ke2 Rc7 36. Rb6 Ke6 37. Kd3 Kd5 38. Rb4 Kxc5 39. Rc4+ Kd6
40. Kc3 Rxc6 41. Rxc6+ Kxc6 42. Kd4 Kd6 43. h4 Ke6 44. hxg5 fxg5 45. Ke4 h5 46.
g3 fxg3 47. fxg3 g4 48. Kf4 Kf6 49. Ke4 Kg5 50. Ke3 h4 51. gxh4+ Kxh4 52. Kf2
Kh3 53. Kg1 Kg3 0-1

[Event "KEM Mitte 2017"]
[Site "?"]
[Date "2017.01.08"]
[Round "7.25"]
[White "Duong, Ba Duc"]
[Black "Hummady, Pascha"]
[Result "1-0"]
[WhiteElo "1328"]
[BlackElo "786"]
[PlyCount "47"]
[EventDate "2017.??.??"]
[WhiteTeam "SK Nürnberg"]
[BlackTeam "SC Noris-Tarrasch Nürnberg"]

1. e4 c5 2. Nc3 Nc6 3. Nf3 d6 4. b3 g6 5. Bb2 Bg7 6. Bd3 Nf6 7. Qe2 O-O 8.
O-O-O e5 9. h3 Rb8 10. g4 h5 11. gxh5 Nxh5 12. Nd5 Be6 13. Rdg1 Nf4 14. Nxf4
exf4 15. Bxg7 Kxg7 16. e5 Ne7 17. h4 Bf5 18. Bxf5 Nxf5 19. Qe4 Ne7 20. Qxf4 b5
21. Qf6+ Kg8 22. h5 Nd5 23. Qf5 Qa5 24. hxg6 1-0

[Event "KEM Mitte 2017"]
[Site "?"]
[Date "2017.01.08"]
[Round "7.27"]
[White "Albayrak, Melissa"]
[Black "Hamazaspyan, Seryozka"]
[Result "0-1"]
[WhiteElo "765"]
[BlackElo "1237"]
[PlyCount "68"]
[EventDate "2017.??.??"]
[WhiteTeam "Zabo-Eintracht Nürnberg"]
[BlackTeam "SC Noris-Tarrasch Nürnberg"]

1. e4 Nc6 2. Nf3 e6 3. d4 d5 4. exd5 exd5 5. Qe2+ Be7 6. Bg5 f6 7. Bf4 Bg4 8.
Nc3 Nxd4 9. Qe3 Nxc2+ 10. Kd1 Nxe3+ 11. fxe3 Bxf3+ 12. gxf3 d4 13. exd4 Qxd4+
14. Bd2 Rd8 15. Bb5+ c6 16. Bxc6+ bxc6 17. Nb1 Bb4 18. Re1+ Ne7 19. Re2 Qxb2
20. Ke1 Bxd2+ 21. Nxd2 Qxa1+ 22. Kf2 Qd4+ 23. Kg2 O-O 24. Nb3 Qd6 25. Rd2 Qxd2+
26. Nxd2 Rxd2+ 27. Kg3 f5 28. f4 Rd3+ 29. Kf2 Nd5 30. a4 Rb8 31. Ke2 Nxf4+ 32.
Ke1 Rb2 33. h4 Rh3 34. Kd1 Rh1# 0-1

[Event "KEM Mitte 2017"]
[Site "?"]
[Date "2017.01.08"]
[Round "7.28"]
[White "Possart, Dennis"]
[Black "Nerreter, Bernd"]
[Result "1-0"]
[WhiteElo "1252"]
[BlackElo "1447"]
[PlyCount "55"]
[EventDate "2017.??.??"]
[WhiteTeam "SC Noris-Tarrasch Nürnberg"]
[BlackTeam "SC Noris-Tarrasch Nürnberg"]

1. e4 e5 2. Nf3 Nf6 3. Nxe5 Nc6 4. Nf3 Nxe4 5. Bc4 Bc5 6. d4 Be7 7. O-O O-O 8.
Re1 Ng5 9. c3 d5 10. Bb3 Bg4 11. Bxg5 Bxg5 12. Qd3 a6 13. Nbd2 Bxd2 14. Nxd2
Qd7 15. Bc2 g6 16. Nf3 Bf5 17. Qd2 Bxc2 18. Qxc2 Nd8 19. Ne5 Qd6 20. h4 c6 21.
Re3 h5 22. Rg3 Kg7 23. f4 Rg8 24. f5 Kh7 25. fxg6+ fxg6 26. Rf1 Rc8 27. Rg5 Rc7
28. Rxh5+ 1-0